Análisis clínicos / (Record no. 90478)
[ view plain ]
| 000 -LEADER | |
|---|---|
| campo de control de longitud fija | 00712nam a2200205 i 4500 |
| 001 - NÚMERO DE CONTROL | |
| campo de control | 90478 |
| 003 - IDENTIFICADOR DE NÚMERO DE CONTROL | |
| campo de control | ES-MaACL |
| 007 - CAMPO FIJO DE DESCRIPCIÓN FÍSICA--INFORMACIÓN GENERAL | |
| campo de control de longitud fija | t| |
| 008 - DATOS DE LONGITUD FIJA--INFORMACIÓN GENERAL | |
| campo de control de longitud fija | 050121s1936 sp ||||1| spa d |
| 100 1# - ENTRADA PRINCIPAL--NOMBRE DE PERSONA | |
| Nombre de persona | Lenhartz, Hermann. |
| 9 (RLIN) | 71520 |
| 245 10 - MENCIÓN DEL TÍTULO | |
| Título | Análisis clínicos / |
| Mención de responsabilidad, etc. | Hermann Lenhartz, Erich Meyer ; undécima ed. completada por A.V. Domarus y R. Seyderhelm ; traducción de Francisco Piñero. |
| 250 ## - MENCION DE EDICION | |
| Mención de edición | 2ª ed. |
| 260 ## - PUBLICACIÓN, DISTRIBUCIÓN, ETC. | |
| Lugar de publicación, distribución, etc. | Barcelona : |
| Nombre del editor, distribuidor, etc. | [s.n., |
| Fecha de publicación, distribución, etc. | 1936] ( |
| Fabricante | Talls. Gráfs. Iberoamericanos) |
| 300 ## - DESCRIPCIÓN FÍSICA | |
| Extensión | XII, 367 p. ; |
| Dimensiones | 24 cm. |
| 700 1# - ENTRADA AGREGADA--NOMBRE PERSONAL | |
| Nombre de persona | Meyer, Erich. |
| 9 (RLIN) | 80784 |
| 700 1# - ENTRADA AGREGADA--NOMBRE PERSONAL | |
| Nombre de persona | Domarus, A. V. |
| 9 (RLIN) | 45058 |
| 700 1# - ENTRADA AGREGADA--NOMBRE PERSONAL | |
| Nombre de persona | Seyderhelm, R. |
| 9 (RLIN) | 105958 |
| 700 1# - ENTRADA AGREGADA--NOMBRE PERSONAL | |
| Nombre de persona | Piñero, Francisco. |
| 9 (RLIN) | 92274 |
| 852 ## - LOCALIZACIÓN | |
| Ubicación | ES-MaACL |
| Número de control de estantería | E-599 |
| Sublocalización o colección | R.18272 |
| Estatus retirado | Estado de pérdida | Estado de daño | No para préstamo | Biblioteca de origen | Biblioteca actual | Ubicación en estantería | Fecha de adquisición | Fuente de adquisición | Total de préstamos | Signatura topográfica completa | Código de barras | Visto por última vez | Precio de reemplazo | Tipo de ítem Koha |
|---|---|---|---|---|---|---|---|---|---|---|---|---|---|---|
| Biblioteca del Ateneo de Madrid | Biblioteca del Ateneo de Madrid | Depósito 2 | 17/01/2008 | E-599 | 1094479 | 23/02/2023 | 23/02/2023 | Libro impreso |
